LEADER 01148nam a2200265 4500 001 000000341963 003 CaOOAMICUS 005 20201015102939.0 008 200908s2013 fr a 000 u fre r 020 $a978-2-8099-1076-6 040 $aSeMil$bita 100 1 $aZorzi, Alvise,$d<1922-2016>.$0(OLS)http://semarc/name/19305 245 14$aLes palais vénitiens /$cAlvise Zorzi, Paolo Marton ; traduit de l'italien par Gérard P. Hug. 264 1$aParis :$bEd. Place des Victoires,$c2013. 300 $a538 p. :$bill. ;$c32 cm 650 4$aVenezia - Guide.$0(OLS)http://semarc/subject/27589 700 1 $aMarton, Paolo.$0(OLS)http://semarc/name/112075 700 1 $aHug, Gérard Pierre.$0(OLS)http://semarc/name/112076 850 $aSeMil 852 $aSeMil$W1$xVenegono$y1$m5N IX 87$j221919$B232998$CSeMilBibl$Z2$F232998 $8I 961 $aCastiglioni don Luca - Omaggio 996 $6020$a978-2-8099-1076-6$9(OLS)http://semarc/number/291177 996 $6245$aLes palais vénitiens$9(OLS)http://semarc/title/430853 996 $6264$aParis :$bEd. Place des Victoires$9(OLS)http://semarc/publisher/59293 LEADER 01381nam a2200265 i 4500 001 000000246785 003 CaOOAMICUS 005 20240201123344.0 008 151124s1880 it u000 u lat u 013 $a225690 040 $aSeMil$bita 100 0 $aTommaso : d'Aquino,$c.$0(OLS)http://semarc/name/423 245 10$aD. Thomae Aquinatis De arte musica :$bnunc primum ex codice Bibliothecae Universitatis Ticinensis edidit et illustravit sac. Guarinus Amelli. 260 $aCremonae :$bTypographia S. Josephi,$c1880. 300 $a29 p. ;$c23 cm. 500 $aContiene il testo di S. Tommaso De arte musica (ex Codice Bibliothecae Universitatis Ticinensis, N. cxxx D. 18) 500 $aCon dedica autografa dell'Amelli in cop. 650 4$aMusica - Concezione [di] Tommaso : d'Aquino.$0(OLS)http://semarc/subject/42698 700 1 $aAmelli, Ambrogio M.,$d<1848-1933>.$0(OLS)http://semarc/name/15119 773 0 $t[A. Amelli.$w()32844 850 $aSeMil 852 $aSeMil$W1$xVenegono$y1$m3G VII 5/7 FA$j197131$B197131$CSeMilBibl$Z2$F208152 $8I 996 $6245$aD. Thomae Aquinatis De arte musica :$bnunc primum ex codice Bibliothecae Universitatis Ticinensis edidit et illustravit sac. Guarinus Amelli$9(OLS)http://semarc/title/348609 996 $6260$aCremonae :$bTypographia S. Josephi$9(OLS)http://semarc/publisher/55109